000 00670cam a22002291 4500
001 af 48002347
003 DLC
005 20260227110855.0
008 880929s1944 it a 000 0 ita c
010 _aaf 48002347
035 _a(OCoLC)18545450
040 _aCalifornia. Univ. Libr.
_cCSfSC
_dDLC
050 0 0 _aDQ841.M4
_bB4
082 _a914.94
100 1 _aBernardi, Marziano.
245 0 3 _aIl Cervino e la sua storia,
_ca cura di Vittorio Zumaglino.
260 _aTorino,
_bEdizioni S.A. Cervino
_c[1944]
300 _a70 p.
_billus.
_c29 cm.
651 0 _aMatterhorn (Switzerland and Italy)
650 0 _aMountaineering.
700 1 _aZumaglino, Vittorio,
_eed.
999 _c4986
_d4986